000 00610nam a22001697a 4500
999 _c188763
_d188763
005 20220602154711.0
010 _aENG-132962
020 _c100.00
035 _aEN-116494
037 _bDBAD/PUB
082 _a321.8095
245 _aNational seminar on secularism, pluralism and future of india democracy/
_cNeelam Rajasekhara Reddy Birth Centenary Committee
260 _aVijayawada
_bVisalaandhra Publishing House
_c2018
270 _a33-22-2, Chandram buildings chuttugunta
_bVijayawada
_e520004
_mvphpublish@gmail.com
300 _a 143p.
_c21cm(hbk)
942 _2ddc
_cEN
_h321.80954
_mNAT